| 000 | 00615cam a2200205 a 4500 | ||
|---|---|---|---|
| 001 | 000001536 | ||
| 005 | 20200929145619.0 | ||
| 008 | 940106s1992 sp 000 f spa | ||
| 020 | _a8408001329 | ||
| 040 |
_aDO-SdBNP _cDLC |
||
| 082 |
_a863.64 _bU49m |
||
| 100 | 1 |
_aUmbral, Francisco. _d1935- _95041 |
|
| 245 | 1 | 0 |
_aMemorias borbónicas. / _cFrancisco Umbral. |
| 260 |
_aBarcelona : _bPlaneta, _c1992. |
||
| 300 |
_a227 p. ; _c21 cm. |
||
| 440 | 0 |
_aAutores españoles e hispanoamericanos _95042 |
|
| 650 | 4 |
_aNovela española _91123 |
|
| 650 | 4 |
_aLiteratura española _9632 |
|
| 910 | _aCatalogación por copia / LC | ||
| 999 |
_c1439 _d1439 |
||